| 000 | 00941nam0a22002291 4500 | ||
|---|---|---|---|
| 001 | rc\407078 | ||
| 005 | 20250621074108.0 | ||
| 035 | _a(NLR Aleph) 005655402 | ||
| 090 |
_a6816344 _c6816344 |
||
| 100 | _a20030616d1987 |||y0rusy50 ca | ||
| 101 | 0 | _arus | |
| 102 | _aRU | ||
| 105 | _aa ||||||||| | ||
| 200 | 1 |
_aАвтоматизированные системы с буксируемыми приборами в океанологических исследованиях _f[В.А. Гайский, Ю.Г. Артемов, В.А. Блинков и др. _gОтв. ред. В.А. Гайский] _gАН УССР, Ин-т биологии юж. морей им. А.О. Ковалевского |
|
| 210 |
_aКиев _cНаукова думка _d1987 |
||
| 215 |
_a174 с. _cил. _d20 |
||
| 320 | _aБиблиогр.: с. 166-172 | ||
| 801 | 0 |
_aRU _bNLR _gpsbo |
|
| 801 | 1 |
_aRU _bELAR _2rusmarc |
|
| 852 |
_aNLR _j88-3/1258 |
||
| 942 | _cBOOK | ||
| 980 | _aNB | ||